EU ETS v souvislostech, dopady a možná východiska

Európsky systém obchodovania s emisiami nefunguje tak, ako bolo chcené. Návrh inej alternatívy, ktorá by mohla aspoň čiastočne nahradiť EU ETS. Podmienky, za ktorých by mohol fungovať systém obchodovania s emisiami.

Na minha lista:
Detalhes bibliográficos
Autor principal: Zbořil, Josef
Formato: Capítulo de Livro
Idioma:tcheco
Assuntos:
Tags: Adicionar Tag
Sem tags, seja o primeiro a adicionar uma tag!

MARC

LEADER 00000naa a2200000 4500
001 0299940
005 20240417075310.8
041 0 |a cze 
044 |a CZ 
245 1 0 |a EU ETS v souvislostech, dopady a možná východiska  |c Josef Zbořil 
520 |a Európsky systém obchodovania s emisiami nefunguje tak, ako bolo chcené. Návrh inej alternatívy, ktorá by mohla aspoň čiastočne nahradiť EU ETS. Podmienky, za ktorých by mohol fungovať systém obchodovania s emisiami. 
610 2 0 |a hospodárnosť 
610 2 0 |a emisie 
610 2 0 |a obchod 
100 1 |a Zbořil, Josef